000 00987nam a2200253Ia 4500
003 OSt
005 20220923220004.0
006 a|||||r|||| 00| 0
007 ta
008 220922b |||||||| |||| 00| 0 hin d
024 _a183,382
037 _cTextual
040 _aARTS
_cARTS
_bhin
041 _2hin
_ahin
082 _aO152,1N584x, N7
100 _aउपाध्याय, राजेन्द्र
_9156299
245 0 _aलोग जानते हैं
_b पिछले पन्द्रह वर्षो की कविताएं 1981-1996
246 _aLog jānate haian: pichhale pandrah varṣho kī kavitāean 1981-1996
260 _aबीकानेर
_b वाग्देवी प्रकाशन
_c1997
300 _a96 पृ.
_ccm.
650 _aहिन्दी साहित्य
_9156264
942 _hO152,1N584x, N7
_cTEXL
_2CC
999 _c336718
_d336718